Kliknij prowincje i terytoria Kanady na mapie - Statystyki

Ogólne statystyki
  • Ten quiz został rozwiązany 21 razy
  • Średni wynik to 11 z 13
Odpowiedzi na mapie
Odpowiedzi zakodowano w zielono-czerwonej skali na mapie do tego quizu, zgodnie z poniższymi procentami.
 
Statystyki odpowiedzi
Odpowiedź % Poprawnych
Ontario
100%
Kolumbia Brytyjska
92%
Nowa Fundlandia i Labrador
92%
Saskatchewan
92%
Terytoria Północno-Zachodnie
92%
Alberta
85%
Jukon
85%
Nunavut
85%
Quebec
85%
Manitoba
77%
Nowa Szkocja
77%
Wyspa Księcia Edwarda
62%
Nowy Brunszwik
54%
Nie znaleziono quizów pasujących do podanych kryteriów
Rozkład punktacji
Procent ludzi z każdym wynikiem
Percentyl według liczby udzielonych odpowiedzi
Twoja historia wyników
Nie rozwiązałeś tego quizu